| 000 | 00370nam a22001577a 4500 | ||
|---|---|---|---|
| 003 | Macl | ||
| 005 | 20250503135007.0 | ||
| 008 | 250503b |||||||| |||| 00| 0 eng d | ||
| 040 | _cmacl | ||
| 082 | _a650 | ||
| 100 |
_aAdair John _983181 |
||
| 245 | _aEffective communication | ||
| 260 |
_aNew delhi _bRupa & Co _c1998 |
||
| 650 |
_aManagment _921540 |
||
| 942 |
_2ddc _cBK |
||
| 999 |
_c67962 _d67962 |
||